Actitudes de los estudiantes de educación hacia la integración de personas con discapacidad y hacia la educación multicultural (Record no. 112348)

MARC details
000 -CABECERA
campo de control de longitud fija 00700nab a2200205 a 4500
005 - FECHA Y HORA DE LA ÚLTIMA TRANSACCIÓN
campo de control 20210219155204.0
008 - ELEMENTOS DE LONGITUD FIJA--INFORMACIÓN GENERAL
campo de control de longitud fija 991125s1985 mx 000 0 spa u
035 ## - NÚMERO DE CONTROL DEL SISTEMA
Número de control de sistema UPN01000140200
100 1# - ASIENTO PRINCIPAL--NOMBRE PERSONAL
Nombre de persona Gómez, Viviana
222 ## - TÍTULO CLAVE
Título clave CULTURA Y EDUCACION : REVISTA DE TEORIA, INVESTIGACION Y PRACTICA
245 ## - MENCIÓN DE TÍTULO
Título Actitudes de los estudiantes de educación hacia la integración de personas con discapacidad y hacia la educación multicultural
260 ## - PUBLICACIÓN, DISTRIBUCIÓN, ETC.
Lugar de publicación, distribución, etc. Madrid, España
300 ## - DESCRIPCIÓN FÍSICA
Extensión 371-383
362 0# - FECHAS DE PUBLICACIÓN Y/O DESIGNACIÓN SECUENCIAL
Fecha de publicación y/o designación secuencial 2004 Vol. 16, no. 4, dic.
653 0# - TERMINO DE INDIZACION - NO CONTROLADO
Término no controlado DISCAPACITADOS
653 0# - TERMINO DE INDIZACION - NO CONTROLADO
Término no controlado EDUCACION MULTICULTURAL
653 0# - TERMINO DE INDIZACION - NO CONTROLADO
Término no controlado INTEGRACION ESCOLAR
700 0# - ASIENTO SECUNDARIO--NOMBRE DE PERSONAL
Nombre de persona Infante, Marta,
Término indicativo de función/relación coaut.
905 ## - TIPO DE MATERIAL
Tipo de material Articulo

No items available.